Auto de procedimiento contra Augusto Pinochet Ugarte 10.12.98: procedimiento sumario 19-97 terrorismo y genocidio operativo condor

Gespeichert in:
Bibliographische Detailangaben
1. Verfasser: Garzón, Baltazar (VerfasserIn)
Format: Buch
Sprache:Spanisch
Veröffentlicht: Madrid Audiencia Nacional 1999
Schlagworte:
Tags: Tag hinzufügen
Keine Tags, Fügen Sie den ersten Tag hinzu!

MARC

LEADER 00000nam a2200000 a 4500
001 UCP5033
003 CL-VaPUC
008 990827e19990000SP |||||||||||||||||spa|d
082 0 4 |a 345.05  |b GAR  |2 21 
100 0 |a Garzón, Baltazar  |e author  |9 433150 
245 1 0 |a Auto de procedimiento contra Augusto Pinochet Ugarte 10.12.98: procedimiento sumario 19-97 terrorismo y genocidio operativo condor 
300 |a 302 p 
942 |c BK 
945 |d 19990827 00:00:00  |a rbrito 
260 |a Madrid  |b Audiencia Nacional  |c 1999 
600 0 |a Pinochet Ugarte, Augusto,  |e 1915-2006  |9 374419 
650 0 |a Acusación   |9 259219 
650 7 |a DERECHO PENAL  |2 CL-VaPUC  |9 11 
650 0 |a Genocidio  |9 323090 
650 0 |a Terrorismo   |9 255070 
651 7 |a CHILE  |2 CL-VaPUC  |9 433151 
583 |a last modification  |c 19990827 00:00:00  |k Rodrigo Vera 
999 |c 282880  |d 282878 
952 |0 0  |1 0  |4 0  |6 345_050000000000000_GAR_1999  |7 0  |8 A  |9 325465  |a BIBCUR  |b BIBCUR  |d 2019-11-20  |i 3556182  |o 345.05 GAR 1999  |p 3556182  |r 2025-04-22  |w 2019-11-20  |y BK  |k PER